000 00678cab a2200229 4500
001 X3392
008 090401t1996 xxu||||| |||| 00| 0 eng d
035 _a(Sirsi) u30176
041 _aeng
100 _aNapier, G.
245 _aPolitical uncertainty clouds the future for construction
260 _c1996
350 _a0
490 _aCSM (Chartered Surveyor Monthly)
_v5(6) March 1996, 26(1)
520 _aExamines workload trends in the construction industey, particularly the effect of public-sector cutbacks.
650 _aCONSTRUCTION INDUSTRY
650 _aCUTBACKS
650 _aWORKLOAD
690 _aBUILT ENVIRONMENT
942 _n0
948 _c04/03/1997
999 _c20330
_d20330